| Tag |
First Indicator |
Second Indicator |
Subfields |
| LEADER |
00000cam a2200000 i 4500 |
| 001 |
in00003452321 |
| 005 |
20151206103128.0 |
| 008 |
910607s1972 00100 fre c |
| 040 |
|
|
|d UtOrBLW
|
| 043 |
|
|
|a e-fr---
|
| 090 |
|
|
|a HT169.C32
|b L38
|
| 100 |
1 |
|
|a Charles, Réjane.
|
| 245 |
1 |
3 |
|a Le cout d'amenagement des zones urbanisees :
|b le cas de la ville de Laval /
|c par Rejame Charles.
|
| 264 |
|
1 |
|a Montreal :
|b Presses de l'Universite de Montreal,
|c 1972.
|
| 300 |
|
|
|a 119 pages, 3 folded maps ;
|c 26 cm.
|
| 336 |
|
|
|a text
|b txt
|2 rdacontent
|
| 337 |
|
|
|a unmediated
|b n
|2 rdamedia
|
| 338 |
|
|
|a volume
|b nc
|2 rdacarrier
|
| 504 |
|
|
|a Bibliography : p.<113>-115.
|
| 650 |
|
0 |
|a City planning
|z Québec (Province)
|z Laval.
|
| 650 |
|
0 |
|a Land use
|z Québec (Province)
|z Laval.
|
| 651 |
|
0 |
|a Laval (Québec : Province)
|x Economic conditions.
|
| 999 |
|
|
|a MARS
|
| 999 |
f |
f |
|s 91e6211b-03a3-3a71-8028-f9443cbf5a00
|i ae630a2c-7892-389e-93e8-aeae56217c33
|t 0
|
| 952 |
f |
f |
|p ric
|a Texas A&M University
|b Rellis Campus
|c Joint Library Facility
|d Remote Storage
|t 0
|e HT169.C32 L38
|h Library of Congress classification
|i unmediated -- volume
|m 32060001970561
|
| 998 |
f |
f |
|a HT169.C32 L38
|t 0
|l Remote Storage
|